[Event "Sharjah Master 2024"]
[Site "Shsrjah - Abu Dhabi"]
[Date "2024.05.20"]
[Round "?"]
[White "Vakhidov, Jakhongir"]
[Black "Raja Rithvik R"]
[Result "1/2-1/2"]
[WhiteElo "2599"]
[BlackElo "2523"]
[PlyCount "25"]
[EventDate "2024.05.14"]
[EventCountry "UAE"]

1. c4 c6 2. d4 d5 3. Nf3 Nf6 4. Nc3 e6 5. Bg5 dxc4 6. a4 Bb4 7. e4 Bxc3+ 8. bxc3 Qa5 9. e5 $146 ({RR} 9. Bxf6 Qxc3+ 10. Nd2 gxf6 11. Rc1 Qxd4 12. Rxc4 Qd6 13. Qg4 Nd7 14. f4 b6 15. Rc3 Bb7 16. Rd3 Qb4 17. Qg7 O-O-O 18. Rb3 Qa5 19. Qg3 Nc5 20. Rc3 Rxd2 21. Rxc5 bxc5 {0-1 (21) Ali,G (1894)-Guthrie,D (2129) Peterborough ENG 2024}) 9... Ne4 10. Rc1 b5 11. Qc2 Nxg5 12. Nxg5 Qxa4 13. Qxa4 1/2-1/2

[Event "Sharjah Master 2024"]
[Site "Shsrjah - Abu Dhabi"]
[Date "2024.05.20"]
[Round "?"]
[White "Kacharava, Nikolozi"]
[Black "Sethuraman, S.P."]
[Result "0-1"]
[WhiteElo "2527"]
[BlackElo "2588"]
[PlyCount "84"]
[EventDate "2024.05.14"]
[EventCountry "UAE"]

{[%evp 11,84,28,42,7,13,17,30,29,34,31,38,28,29,17,23,23,22,16,16,12,54,51,86,77,85,81,96,51,59,53,56,-32,5,-6,-9,-77,-72,-64,-48,-72,-4,-14,-12,-17,-15,-14,3,0,28,0,301,0,0,-157,25,-289,-291,-334,-334,-345,-197,-393,-389,-463,-451,-657,-652,-657,-628,-642,-525,-603,-552,-694,-683]} 1. e4 c5 2. Nf3 d6 3. d4 cxd4 4. Nxd4 Nf6 5. Nc3 a6 6. h3 e5 7. Nf3 Be7 8. g4 Be6 9. g5 {White has an edge.} Nfd7 10. Be3 Nb6 11. h4 N8d7 12. Qd2 $146 ({RR} 12. Rg1 Rc8 13. Qd2 Nc5 14. h5 Qd7 15. Rg3 (15. O-O-O $11) 15... Nba4 $1 16. Nxa4 (16. Bxc5 $17 Nxc3 17. Nxe5 Nxe4 18. Nxd7 Nxd2 19. Kxd2 dxc5 20. Ne5) 16... Qxa4 (16... Nxe4 $19 17. Qa5 Nxg3 18. fxg3 Rxc2) 17. Bxc5 Rxc5 18. Bd3 O-O 19. b3 Qa3 20. c4 Rfc8 ({Black should try} 20... b5 $17 21. Nh4 Rc7) 21. Be2 R5c7 22. Nh4 $2 (22. Kf1 $11) 22... d5 $1 23. Kf1 dxe4 24. Qc2 b5 (24... Rd7 $19 25. h6 g6 26. Qxe4 Qb2) 25. Qxe4 Qb2 26. Rb1 (26. Rd1 $11) 26... Qd4 $1 {Pranav,V (2604)-Duda,J (2731) chess.com INT 2024 1-0 (102)}) 12... Rc8 13. h5 Nc5 14. h6 g6 $1 15. b3 Qc7 16. Ng1 Ncd7 17. Nge2 f6 18. a4 fxg5 19. Bxg5 Bxg5 20. Qxg5 Qc5 21. a5 $6 {Inaccuracy. Bh3 was best.} (21. Bh3) (21. Bh3 $14 Bxh3 22. Rxh3) 21... Na8 $6 {Inaccuracy. Rf8 was best.} (21... Rf8) (21... Rf8 $5 {[%cal Rc5f2]} 22. Qg3 Na8 $11) 22. Bh3 Nc7 $1 23. Rd1 (23. f4 $11 {remains equal.}) 23... Rf8 $1 $17 {[%cal Rf8f3] aiming for ...Rf3.} 24. Qh4 Nf6 25. Rd3 Bxh3 (25... Qxa5 $17 26. O-O g5 $1 {[%mdl 512]}) 26. Rhxh3 $11 Ne6 (26... Qxa5 $6 27. Rxd6 Rd8 28. Rxd8+ Kxd8 29. Rf3 $14) 27. Rhf3 g5 28. Qg3 $1 Rc7 29. Rf5 Rcf7 30. Qh3 Rg8 $4 {Blunder. g4 was best.} (30... g4 31. Qe3 Qxe3 32. fxe3 Rd7 33. Ng3 Kf7 34. Nd5 Kg6 35. Nxf6 Rxf6 36. Rxe5) (30... Rd7 $11) 31. Kd1 $4 {Blunder. b4 was best.} (31. b4 $1 {[%cal Rb4c5]} Qc6 32. Nd5 g4 33. Qh4 Nxd5 34. exd5 Qxc2 35. Rxf7 {[%csl Gf7][%cal Rh4e7]} Qb1+ 36. Rd1 {[%csl Gf7][%cal Rh4e7]} Qxb4+) (31. b4 $1 $18 {[%cal Rb4c5]} Qc6 32. Nd5) 31... Nf4 32. Rxf4 $2 {Mistake. Nxf4 was best.} (32. Nxf4 gxf4) ({Better is} 32. Nxf4 $11 gxf4 33. Kc1 Rg1+ 34. Kb2 Qxa5 35. Rd1 Rxd1 36. Nxd1) 32... gxf4 $2 {Mistake. g4 was best.} (32... g4 33. Qg3 exf4 34. Nxf4 Qe5 35. Qe3 Rgf8 36. Nfe2 Nd7 37. Rd5 Qh2 38. Kc1) (32... g4 $17 33. Qg3 exf4 34. Nxf4 Kd7) 33. Na4 $4 {Blunder. Qe6+ was best.} (33. Qe6+ Kf8) (33. Qe6+ $11 {and White is okay.} Kf8 34. Rxd6) 33... Ng4 $19 34. Kc1 Qxf2 35. Rc3 {Hoping for Rc8+.} Rg5 $6 {Inaccuracy. Qxe2 was best.} (35... Qxe2 36. Rc8+ Ke7 37. Rxg8 Qe3+ $1 38. Qxe3 Nxe3 39. Nc3 f3 40. Nb1 f2 41. Nd2) ({Don't play} 35... Qe1+ 36. Kb2) (35... Qxe2 $142 36. Rc8+ Ke7 37. Qh4+ Nf6 38. Rxg8 Qxe4) 36. Rc8+ $6 {Inaccuracy. Nb6 was best.} (36. Nb6 Ke7 37. Nd5+ Kd8 $1 38. Kb2 (38. Nb6 {was worth a try.}) 38... Rg6 $1 39. Rc4 Qxe2 40. Qc3 {[#]} Qxc4 $1 41. bxc4 {[#]} Nf6 $1) (36. Nb6 $142 Re7 37. Nd5) 36... Ke7 37. Nec3 $6 {Inaccuracy. Kb2 was best.} (37. Kb2 Qxe2 38. Nc3 Qf2 39. Nd5+ Ke6 40. Re8+ Kd7 41. Rb8 f3 42. Nb6+ Ke6) 37... Qe3+ {Black is clearly winning.} 38. Kb2 $6 {Inaccuracy. Qxe3 was best.} (38. Qxe3 Nxe3 39. Nb2 Kf6 40. Rd8 Rg6 41. Rxd6+ Kg5 42. Rxg6+ Kxg6 43. Nd3 Ng4) (38. Qxe3 $142 Nxe3 39. Kd2) 38... Qxh3 39. Nd5+ Ke6 40. Re8+ Kd7 41. Rb8 {White wants to mate with Nab6+.} Nf6 42. Nab6+ Ke6 {Accuracy: White = 59%, Black = 64%.} 0-1

[Event "Sharjah Master 2024"]
[Site "Shsrjah - Abu Dhabi"]
[Date "2024.05.20"]
[Round "?"]
[White "Nikitenko, Mihail"]
[Black "Peralta, Fernando"]
[Result "1/2-1/2"]
[WhiteElo "2525"]
[BlackElo "2573"]
[PlyCount "115"]
[EventDate "2024.05.14"]
[EventCountry "UAE"]

1. d4 Nf6 2. c4 e6 3. g3 d5 4. Nf3 Be7 5. Bg2 O-O 6. O-O Nc6 7. b3 b6 8. Bb2 $146 ({RR} 8. Nc3 Bb7 9. cxd5 exd5 10. Bb2 a6 11. Rc1 Bd6 12. Qc2 h6 13. a3 Re8 14. Rfd1 Rb8 15. e3 Qe7 16. b4 Nd8 17. Ne5 c6 18. Na4 b5 19. Nc5 Bxe5 20. dxe5 Nd7 21. Nxd7 Qxd7 22. f4 Qg4 {Gronlund,N (1921)-Tanni,J (1585) Finland FIN 2024 ½-½ (73)}) 8... Bb7 9. Nbd2 a5 10. a3 Ne4 11. e3 f5 12. Rc1 Bd6 13. Rc2 Nb8 14. Ne1 Nd7 15. Nd3 Qe7 16. a4 c5 17. cxd5 exd5 18. Nf4 Rad8 19. Nf3 Ndf6 20. Re1 Bb8 $6 {Inaccuracy. g5 was best.} (20... g5 21. Nd3 Ng4 22. Nfe5 Bxe5 23. dxe5 c4 24. Nc1 Nxe5 25. Qd4 Rfe8 26. f4) 21. Ba3 $6 {Inaccuracy. Nh4 was best.} (21. Nh4) 21... Bd6 22. Bb2 Bb8 23. Nd3 $6 {Inaccuracy. Nh4 was best.} (23. Nh4 Qf7 24. Bf1 Nd7 25. f3 Nd6 26. Nd3 Rc8 27. Ne5 Qe6 28. Bh3 Rce8) 23... Nd7 24. Qa1 Rc8 25. Rd1 Rfd8 26. Nf4 Nf8 27. Ne1 Qf7 28. Ned3 c4 29. Ne5 Bxe5 30. dxe5 cxb3 31. Rxc8 Rxc8 32. e6 $4 {Blunder. Qa3 was best.} (32. Qa3 d4) 32... Nxe6 33. Nxe6 Qxe6 34. Bxg7 $6 {Inaccuracy. Rc1 was best.} (34. Rc1 Rc2 35. h3 d4 36. Rxc2 bxc2 37. Qa3 Qc4 38. Qe7 c1=Q+ 39. Kh2 Qf7) 34... Rc2 $6 {Inaccuracy. Nxf2 was best.} (34... Nxf2 35. Re1 Nd3 36. Bh8 b2 37. Bxb2 Rc2 38. Bd4 Nxe1 39. Qxe1 Qc6 40. Bf3) 35. Bd4 $6 {Inaccuracy. Bh8 was best.} (35. Bh8 b2 36. Bxb2 Nxf2 37. Bd4 Nxd1 38. Qxd1 Qc6 39. Qd3 f4 40. gxf4 Rc1+) 35... Nxf2 36. Rb1 Nd3 37. Rf1 Rc1 $4 {Blunder. Ba6 was best.} (37... Ba6 38. Qb1 Bc4 39. Qd1 Nc1 40. Re1 Be2 41. Qxc1 Rxc1 42. Rxc1 Bd3 43. Kh1) 38. Qa3 $4 {Blunder. Rxc1 was best.} (38. Rxc1 b2 39. Rc8+ Bxc8 40. Qb1 f4 41. Qxd3 fxe3 42. Bf3 Qf7 43. Qd1 Qxf3) 38... b2 $2 {Mistake. Rc4 was best.} (38... Rc4) 39. Qxd3 b1=Q 40. Qxb1 Rxb1 41. Rxb1 Qc6 42. Rxb6 Qc1+ 43. Bf1 Bc6 $6 {Inaccuracy. Bc8 was best.} (43... Bc8) 44. Ra6 Bxa4 45. Rxa5 Bc2 46. Ra1 Qd2 47. Ra2 Qd1 48. Kf2 Bd3 49. Bg2 Be4 50. Bf1 $4 {Blunder. Bxe4 was best.} (50. Bxe4 dxe4) 50... Bd3 $4 {Blunder. Qf3+ was best.} (50... Qf3+) 51. Bg2 Be4 52. Ra8+ Kf7 53. Ra7+ Ke6 54. Ra6+ Ke7 55. Bxe4 Qd2+ 56. Kf3 Qd1+ 57. Kf2 Qd2+ 58. Kf3 1/2-1/2

[Event "Sharjah Master 2024"]
[Site "Shsrjah - Abu Dhabi"]
[Date "2024.05.20"]
[Round "?"]
[White "Kadric, Denis"]
[Black "Cardoso Cardoso, Jose Gabriel"]
[Result "0-1"]
[WhiteElo "2558"]
[BlackElo "2496"]
[PlyCount "60"]
[EventDate "2024.05.14"]
[EventCountry "UAE"]

{[%evp 13,60,31,41,43,51,19,20,20,56,0,-3,1,3,1,53,49,54,60,33,33,126,46,111,93,87,9,45,-16,-1,-1,1,-23,-24,-28,-23,-22,-25,-34,-33,-72,-29,-324,-328,-323,-316,-314,-310,-29981,-29982]} 1. e4 c5 2. Nf3 d6 3. d4 cxd4 4. Nxd4 Nf6 5. Nc3 Nc6 6. Bc4 e6 7. Be3 Bd7 8. Bb3 Nxd4 9. Bxd4 $146 ({RR} 9. Qxd4 Be7 10. O-O-O O-O 11. f4 b5 12. a3 (12. e5 $11 Ng4 13. exd6) 12... a5 (12... Ng4 $15) 13. e5 Ng4 14. exd6 Bf6 15. Qb6 (15. Qd2 $14) 15... b4 16. Ne4 a4 $1 17. Ba2 $2 (17. Bc4 $11 {and White is okay.}) 17... b3 $1 18. Bb1 bxc2 $1 19. Bxc2 Bxb2+ $1 20. Qxb2 Nxe3 21. Rd3 Nxc2 22. Qxc2 Rc8 23. Rc3 Rxc3 {Kadric,D (2579)-Shevchenko,K (2671) Viernheim GER 2024 0-1}) (9. Qxd4 {is more complex.} Be7 10. g4 O-O 11. Rg1 b5 12. g5) 9... b5 10. a3 {The position is equal.} Bc6 11. Qd3 $6 {Inaccuracy. Qe2 was best.} (11. Qe2 Be7 12. Nxb5 Nxe4 13. O-O-O O-O 14. Nxa7 Bb7 15. Nb5 Qb8 16. Rhe1 Nc5) (11. Qe2 $14) 11... Be7 $11 12. O-O-O O-O 13. Rhe1 Qb8 14. Nd5 Bxd5 (14... exd5 $2 15. exd5 Bxd5 16. Rxe7 $18) 15. exd5 e5 {[#]} 16. f4 $1 {[%cal Rf4e5][%mdl 512]} Nd7 $6 {Inaccuracy. exd4 was best.} (16... exd4 17. Rxe7) (16... exd4 $14 17. Rxe7 Re8 18. Rxe8+ Qxe8) (16... exf4 17. Rxe7) 17. Kb1 $6 {Inaccuracy. fxe5 was best.} (17. fxe5 dxe5) (17. fxe5 $16 dxe5 18. Qf5 exd4 19. Qxd7 (19. Rxe7 Nc5 $14)) 17... Bf6 $6 {Inaccuracy. Bh4 was best.} (17... Bh4) ({Black should play} 17... Bh4 $14 18. g3 Bxg3 19. Qxg3 (19. hxg3 exd4 20. Qxd4 Nc5 $11) 19... exd4) 18. fxe5 $16 Bxe5 19. c3 $6 {Inaccuracy. Bxe5 was best.} (19. Bxe5 Nxe5 20. Rxe5 dxe5 21. d6 Qb6 22. Qd5 a5 23. a4 bxa4 24. Bxa4 Qb4) (19. Bxe5 $16 Nxe5 20. Rxe5 dxe5 21. d6) 19... a5 20. Qh3 (20. Bxe5 $14 Nxe5 21. Qf5) 20... Qb7 21. Re4 Rfe8 22. Bc2 g6 23. Rf1 {Hoping for Rxf7!} f5 24. Rh4 Nf6 25. Bxf5 gxf5 26. Rxf5 Bxd4 (26... Nxd5 $2 27. Rxe5 $1 {[%mdl 512]} Rxe5 28. Bxe5 $16) 27. cxd4 $4 {Blunder. Rxd4 was best.} (27. Rxd4 Qe7 $1 28. Qg3+ Kh8 29. Qf3 $1 Ng8 30. Rf7 $1 {[%cal Rf7e7]} Rf8 31. Rxe7 Rxf3 32. Rxh7+ Kxh7) (27. Rxd4 $11 {and White has nothing to worry.} Qe7 28. Rdf4 Qe1+ 29. Ka2) 27... Re1+ $19 ({Worse is} 27... Nxd5 28. Qb3 $16) 28. Ka2 {[#]} Qc8 $1 {[%cal Rc8c1]} ({Avoid the trap} 28... Qg7 $2 29. Rhf4 $18 (29. Rxf6 Qxf6 30. Qg3+ {[%mdl 64] Double Attack} Kh8 $16)) 29. Qg3+ Kh8 {And now ...Qc4+ would win.} 30. Qd3 $4 {Checkmate is now unavoidable. Qxe1 was best.} (30. Qxe1 Qxf5 31. Qe6 Qxd5+ 32. Qxd5 Nxd5 33. Rh5 Nc7 34. a4 b4 35. h4 d5) (30. Qxe1 $19 Qxf5 31. Qe6 Qxd5+ 32. Qxd5 Nxd5 33. Rh5) 30... Qc1 {Accuracy: White = 63%, Black = 66%.} 0-1

[Event "Sharjah Master 2024"]
[Site "Shsrjah - Abu Dhabi"]
[Date "2024.05.20"]
[Round "?"]
[White "Samant Aditya S"]
[Black "Seemann, Jakub"]
[Result "1/2-1/2"]
[WhiteElo "2499"]
[BlackElo "2474"]
[PlyCount "97"]
[EventDate "2024.05.14"]
[EventCountry "UAE"]

1. e4 c6 2. d4 d5 3. e5 Bf5 4. Nf3 e6 5. Be2 Nd7 6. O-O a5 ({RR} 6... Rc8 7. b3 h6 8. c4 Bb4 9. Ba3 Qa5 10. Bb2 Qd8 11. Na3 Ne7 12. Nc2 Bxc2 13. Qxc2 O-O 14. Bd3 f6 15. a3 Ba5 16. Qe2 fxe5 17. dxe5 Bb6 18. Nd4 Bxd4 19. Bxd4 Nf5 20. Bc3 a5 21. Rac1) 7. Nc3 ({RR} 7. Ne1 c5 8. c3 Ne7 9. Na3 Nc6 10. Nb5 Be7 11. Bd3 Bxd3 12. Nxd3 a4 13. Qg4 Kf8 14. Be3 cxd4 15. cxd4 Ra5 16. Nc3 h5 17. Qd1 a3 18. b3 g6 19. Ne2 Kg7 20. Rc1 Qb6 21. Rc2 Raa8 {Dominguez Perez,L (2752)-Fedoseev,V (2690) chess.com INT 2024 0-1 (66)}) ({RR} 7. a4 f6 8. c4 fxe5 ({RR} 8... Ne7 9. exf6 Nxf6 10. Nc3 Ng6 11. Bd3 Bb4 12. Bxf5 exf5 13. cxd5 Bxc3 14. bxc3 Qxd5 15. Qe2+ Ne4 16. c4 Qe6 17. d5 cxd5 18. cxd5 Qa6 19. Qxa6 bxa6 20. Nd4 O-O 21. Ba3 Rf6) 9. dxe5 Bc5 10. cxd5 exd5 11. Nd4 Ne7 12. Nxf5 ({RR} 12. g4 Bxb1 13. Rxb1 Nxe5 14. Ne6 Qd6 15. Nxc5 Qxc5 16. b4 axb4 17. Bd2 ({RR} 17. Bb2 N7g6 18. Rc1 Qe7 19. f4 Nd7 20. Qd2 O-O 21. f5 Nge5 22. g5 Qd6 23. Rcd1 Rxa4 24. f6 g6 25. Qd4 Nf7 26. Rf2 Nc5) 17... Qd6 18. Rxb4 b5) ({RR} 12. Nc3 Nxe5 13. Bh5+ N5g6 14. Be3 Bb4 15. Bg5 O-O 16. Bxg6 hxg6 17. Re1 Rf7 18. Qd2 Qb6 19. Nf3 Re8 20. Bh4 Rff8 21. Bg3 Nc8 22. Ng5 Be7 23. h4 Bxg5 24. hxg5 Qb4 25. Be5 Nb6 26. Qd4 Qxd4) 12... Nxf5 13. Bd3 ({RR} 13. Kh1) 13... O-O 14. e6 Ne5 15. Bxf5 Rxf5 16. Qc2 Qf8 17. Nc3 Re8 18. Be3 ({RR} 18. e7 Bxe7 19. Be3 Bd6 20. h3 d4 21. f4 dxe3 22. fxe5 Rexe5 23. Ne4 Bb4 24. Qb3+ Kh8) 18... d4 19. Ne4 dxe3 20. Nxc5 ({RR} 20. Kh1 Bb4 21. Qe2 Rxe6 22. Qxe3 Ng6 23. Qb3 Qf7 24. Ng3 Re8 25. Qe3 Rfe5 26. Qxe5 Nxe5) 20... Nf3+ 21. gxf3 Rg5+) ({RR} 7. Nbd2 a4 8. Re1 Ne7 9. Nf1 h6 10. Bd2 c5 11. c4 Be4 12. dxc5 Nc6 13. cxd5 Bxd5 14. Ne3 Bxf3 15. Bxf3 Ndxe5 16. Bxc6+ Nxc6 17. Bc3 Qxd1 18. Raxd1 Bxc5 19. Bxg7 Rh7 20. Bf6 Be7 21. Bxe7 Nxe7) 7... a4 8. Rb1 $146 ({RR} 8. Bd2 h6 9. Rc1 Ne7 10. h3 Bh7 11. Re1 Nf5 12. Bd3 Qb6 13. Ne2 Be7 14. Bf4 Nh4 15. Nh2 Bxd3 16. cxd3 O-O 17. g3 Nf5 18. Nf3 c5 19. dxc5 Bxc5 20. d4 Bb4 21. Bd2 Nb8 22. a3 Bxd2 {Mahdavi,R (2357)-Ostrovskiy,A (2406) Dubai UAE 2024 1-0 (35)}) ({RR} 8. Bd2 h6 9. Rc1 Ne7 10. h3 Bh7 11. Re1 Nf5 12. Bd3 Qb6 13. Ne2 Be7 14. Bf4 Nh4 15. Nh2 Bxd3 16. cxd3 O-O 17. g3 Nf5 18. Nf3 c5 19. dxc5 Bxc5 20. d4 Bb4 21. Bd2 Nb8 22. a3 Bxd2 {Mahdavi,R (2353)-Ostrovskiy,A (2406) Dubai Police Officers Club, A 2024 1-0 (35)}) ({RR} 8. Bd2 a3 9. b3 h6 10. h3 Bh7 11. Re1 Ne7 12. Rc1 Nf5 13. Bd3 Be7 14. Ne2 Nh4 15. Nf4 Bxd3 16. Nxd3 Nxf3+ 17. Qxf3 Bg5 18. Be3 O-O 19. Qg4 Bxe3 20. Rxe3 Qg5 21. Qe2 Kh8 22. f4 Qh4 {Niemann,H (2676)-Rosner,J (2431) Karlsruhe GER 2024 1-0 (33)}) 8... h6 9. Bd3 Ne7 10. Ne2 Qa5 $6 {Inaccuracy. Bxd3 was best.} (10... Bxd3 11. Qxd3 c5 12. c4 dxc4 13. Qxc4 Nc6 14. Rd1 Qa5 15. Be3 Nb6 16. Qd3) 11. Ng3 Bxd3 12. Qxd3 c5 13. c3 Qa6 14. Qd1 g6 15. h4 Nc6 16. h5 g5 17. Be3 a3 18. bxa3 b6 19. Rc1 Qc4 20. Qb3 Qxb3 21. axb3 Rxa3 22. b4 Be7 23. bxc5 bxc5 24. Nh2 Nb6 25. Ng4 Nc4 26. Ne2 Ra2 27. Rfe1 Kf8 28. Ra1 Rxa1 29. Rxa1 Kg7 30. Ra6 Rc8 31. g3 cxd4 32. cxd4 Bd8 33. f4 Nb4 34. Ra4 Nc2 35. Bf2 Rb8 36. Kg2 Rb2 37. Ra8 Be7 38. Ra7 Bb4 39. fxg5 hxg5 40. Ra8 Ne1+ 41. Bxe1 Bxe1 42. Nf6 Rxe2+ 43. Kf1 Re3 44. Rg8+ Kh6 45. Rh8+ Kg7 46. Rg8+ Kh6 47. Rh8+ Kg7 48. Rh7+ Kf8 49. Rh8+ 1/2-1/2

[Event "Sharjah Master 2024"]
[Site "Shsrjah - Abu Dhabi"]
[Date "2024.05.20"]
[Round "?"]
[White "Suleymenov, Alisher"]
[Black "Dronavalli, Harika"]
[Result "1-0"]
[WhiteElo "2499"]
[BlackElo "2503"]
[PlyCount "95"]
[EventDate "2024.05.14"]
[EventCountry "UAE"]

{[%evp 13,95,31,29,29,26,29,25,28,32,33,38,22,22,-9,-9,-8,-10,-14,-12,-14,-12,-14,0,-11,-1,-7,-9,0,0,0,15,14,25,23,21,23,23,21,139,132,192,201,196,196,230,230,225,74,276,274,319,323,348,360,360,336,359,365,364,345,376,409,401,393,533,516,563,563,690,711,857,857,847,846,726,666,1334,822,2091,1649,2976,3558,1334,867]} 1. d4 d5 2. c4 e6 3. Nf3 Nf6 4. g3 Be7 5. Bg2 O-O 6. Nc3 dxc4 7. Ne5 Nc6 8. Bxc6 bxc6 9. Nxc6 Qe8 10. Nxe7+ {White has an edge.} Qxe7 11. Qa4 Nd5 12. Qxc4 a5 13. Qc5 $146 ({RR} 13. f3 Ba6 14. Qc5 Qxc5 15. dxc5 Nxc3 16. bxc3 e5 17. Kf2 Rfd8 18. Rb1 f6 19. Be3 Kf7 20. Rhc1 Bc4 21. Rb7 Rdc8 22. Rc2 Ke6 23. a3 Kd5 24. h4 Kc6 25. Rb1 Rab8 26. Rcb2 Rxb2 27. Rxb2 Rd8 {Sarana,A (2697)-Matlakov,M (2662) chess.com INT 2024 ½-½ (32)}) ({RR} 13. Bd2 Ba6 14. Qc5 Qd7 15. f3 Rfb8 16. b3 Rb6 17. Rc1 Rc6 18. Qa3 $1 Nb6 (18... Nb4 $11 {keeps the balance.}) 19. Ne4 Rxc1+ 20. Qxc1 Qxd4 21. Bc3 (21. Be3 $16 Qb4+ 22. Kf2) 21... Qd5 22. Kf2 Rd8 $2 (22... a4 $14) 23. Qf4 Qb5 24. Re1 $1 h6 $2 (24... Qh5 {is tougher.}) 25. Qg4 {[%csl Gc3][%cal Rg4g7]} e5 26. a4 {1-0 (26) Livaic,L (2553)-Krassowizkij,J (2419) Austria AUT 2024}) ({RR} 13. Bd2 Ba6 14. Qc5 Qd7 15. f3 Rfb8 16. Rb1 Rb6 17. Kf2 Rab8 (17... Rc6 $11 18. Qxa5 Qe8 19. Nxd5 exd5) 18. Qxa5 Nb4 (18... Ra8 $16 19. Qa4 Qd8) 19. Be3 Nc2 $2 (19... Nd5 {might work better.} 20. b3 Bb5 21. Nxd5 exd5) 20. Qa4 Qxa4 21. Nxa4 Rb4 22. Nc5 Bc8 23. b3 Ra8 24. Rb2 Na3 25. Rc1 Kf8 26. g4 Ke8 27. h4 f6 {Goryachkina,A (2553)-Guichard,P (2386) Samarkand UZB 2023 1-0 (39)}) (13. Bd2 {keeps more tension.} Ba6 14. Qc5 Qd7 15. f3 Rfb8 16. Rb1) 13... Qxc5 14. dxc5 Nxc3 15. bxc3 e5 16. f3 Be6 17. Kf2 Rfb8 18. Rd1 f6 19. g4 Kf7 20. h4 Ke8 21. g5 Rd8 22. Rg1 Rab8 23. h5 f5 24. g6 {aiming for h6.} h6 25. f4 Rd5 $6 {Inaccuracy. a4 was best.} (25... a4 26. fxe5 Kd7 27. Rg3 Kc6 28. Rd3 Rd5 29. Be3 Rb2 30. Rxd5 Kxd5 31. Rd1+) (25... Kd7 $11) 26. Be3 $1 $16 Rb2 $6 {Inaccuracy. Rdd8 was best.} (26... Rdd8 27. c6 Rb2 28. fxe5 f4 29. Bxf4 Rb6 30. Be3 Rxc6 31. Bd4 a4 32. Rab1 ({Better is} 32. Rgb1 $16)) (26... Ke7 $16) 27. Rgb1 $18 Rc2 28. Rc1 Rb2 {[#]} 29. Rab1 $1 {[%cal Rb1b2]} Rxa2 30. Ra1 $2 {Mistake. c4 was best.} (30. c4 Rd8 {[#]} 31. c6 $1 exf4 32. Bxf4 Ke7 33. Rc3 Rd4 34. Bxc7 Re4 35. Re3 Bxc4) (30. c6 $18) 30... Rb2 $4 {Blunder. Rxa1 was best.} (30... Rxa1) (30... Rxa1 $16 31. Rxa1 exf4) 31. Rxa5 c6 32. Ra6 Rd7 33. Rxc6 ({Weaker is} 33. fxe5 Rc7 $18) 33... Bc4 34. Rc8+ ({Not} 34. fxe5 Rxe2+ 35. Kf3 Rh2 $18) 34... Rd8 35. Rxd8+ Kxd8 {[%mdl 4096] Endgame KRB-KRB} 36. Rd1+ ({Less strong is} 36. fxe5 Bxe2 37. Kg3 Bxh5 $16) 36... Ke7 $6 {Inaccuracy. Kc7 was best.} (36... Kc7 37. Re1 Rc2 38. fxe5 Rxc3 39. Ra1 Rc2 40. Ra7+ Kc6 41. e6 f4 42. Bxf4) 37. Rd2 Rxd2 38. Bxd2 {KB-KB} Bd5 $6 {Inaccuracy. Ke6 was best.} (38... Ke6 39. fxe5 Bd5 40. Bf4 Kd7 41. e6+ Kxe6 42. Be3 Ke7 43. Bd4 Kf8 44. Kg3) 39. c4 {White is clearly winning.} Bxc4 40. c6 Kd6 41. Bc3 Kxc6 42. Bxe5 Kd7 43. Bxg7 Ke6 44. Bxh6 Kf6 45. Bg5+ Kg7 {[#]} 46. e4 $1 Be6 (46... fxe4 47. f5) 47. exf5 Bxf5 48. Kg3 {Accuracy: White = 90%, Black = 49%.} 1-0

[Event "Sharjah Master 2024"]
[Site "Shsrjah - Abu Dhabi"]
[Date "2024.05.20"]
[Round "7.43"]
[White "Avila Pavas, Santiago"]
[Black "Klimkowski, Jan"]
[Result "0-1"]
[WhiteElo "2514"]
[BlackElo "2517"]
[PlyCount "101"]
[EventDate "2024.05.14"]
[EventCountry "UAE"]

{[%evp 13,101,34,37,28,27,18,17,5,3,10,8,0,0,0,0,7,2,-20,-15,-15,-13,-14,-7,-9,-7,-41,-43,-48,-17,-31,7,5,1,4,3,3,9,-48,-45,-54,-56,-58,-48,-62,-66,-65,-69,-91,-91,-119,-93,-123,-82,-72,-59,-59,-49,-49,-5,-39,-13,-17,0,-2,0,-147,-147,-173,-185,-212,-166,-221,-214,-361,-335,-375,-344,-401,-398,-449,-457,-539,-505,-614,-610,-609,-592,-562,-559,-519]} 1. e4 e5 2. Nf3 Nc6 3. Bc4 Nf6 4. d3 Bc5 5. c3 O-O 6. O-O d5 7. exd5 Nxd5 8. a4 Bf5 9. a5 a6 10. Nbd2 $146 {The position is equal.} ({RR} 10. Re1 Qd6 11. Qe2 (11. Nbd2 $14) 11... Nf6 (11... Ba7 $11) 12. Nbd2 Rad8 13. Ne4 Nxe4 14. dxe4 Be6 $1 15. b4 Ba7 16. Bxe6 Qxe6 17. b5 axb5 18. Qxb5 f5 19. Ba3 (19. Ng5 $14 Qf6 20. Rf1) 19... fxe4 20. Rxe4 Qg6 21. Qc4+ Rf7 22. Nxe5 Nxe5 23. Rxe5 Bxf2+ 24. Kh1 Kh8 {Ceres,D (2438)-Basso,P (2482) Nova Gorica SLO 2024 0-1 (73)}) 10... b5 11. axb6 $1 Nxb6 12. Nb3 Be7 13. Bxa6 Rxa6 14. Rxa6 {d4 is the strong threat.} Bxd3 {[%mdl 64] [#] Double Attack} 15. Na5 Bxa6 16. Nxc6 Qe8 17. Nxe7+ Qxe7 18. Re1 Rd8 19. Bd2 f6 20. Qc1 Bb7 21. Nxe5 Rxd2 (21... Qe8 {seems wilder.} 22. Nf3 Qg6 23. Kh1 Qg4 24. Bf4 Bxf3 25. gxf3 Qxf3+ 26. Kg1 c6) 22. Qxd2 fxe5 23. Qe2 e4 24. f3 Qc5+ 25. Kh1 (25. Qf2 $11 Qxf2+ 26. Kxf2) 25... Nd7 $36 {[%mdl 2048] And now ...exf3 would win. Black is pushing.} 26. fxe4 Nf6 27. Qd3 Qe5 28. Qg3 Qxg3 29. hxg3 Bxe4 30. b4 Kf7 31. c4 Ke6 32. Rd1 $6 {Inaccuracy. g4 was best.} (32. g4 g5 33. Kg1 Kd6 34. Rd1+ Kc6 35. Kf2 Nxg4+ 36. Kg3 Nh6 37. Re1 Bg6) 32... Nd7 33. Rd4 Bb7 (33... Bg6 {keeps more tension.} 34. b5 Nc5 35. Rd5 Ne4 36. b6 cxb6 37. Rb5 Ke7) 34. Kg1 Ne5 35. b5 Nd7 $6 {Inaccuracy. c5 was best.} (35... c5) 36. Kf2 h6 37. Rd2 Nc5 38. Ke3 Ne4 39. Rd8 $2 {[#] Mistake. Ra2 was best.} (39. Ra2 Ke5 40. Ra7 Nc5 41. g4 Kd6 42. g3 Ke5 43. Ra2 Bc8 44. Ra7 Bb7) (39. Ra2 $11 {remains equal.}) 39... Nd6 $1 $17 ({Much weaker is} 39... Nxg3 $6 40. Re8+ Kd7 41. Rb8 $11) 40. Kd3 $6 {Inaccuracy. Kd4 was best.} (40. Kd4 Bxg2 41. g4 Bf1 42. Rg8 Kf7 43. Rd8 Ke7 44. Rg8 Ne8 45. Rh8 Be2) 40... Bxg2 41. Rf8 h5 42. Kc3 Ne4+ 43. Kb4 (43. Kd3 {was called for.}) 43... Nxg3 $19 {Strongly threatening ...h4.} 44. c5 Nf5 45. c6 h4 46. Re8+ Ne7 {Black is clearly winning.} 47. Rh8 h3 48. Kc5 g5 {White must now prevent ...g4.} 49. Rh6+ Kf5 50. Rh7 Kf6 {aiming for ...g4.} 51. Kd4 {Accuracy: White = 64%, Black = 79%.} 0-1

[Event "Sharjah Master 2024"]
[Site "Shsrjah - Abu Dhabi"]
[Date "2024.05.21"]
[Round "8.1"]
[White "Daneshvar, Bardiya"]
[Black "Shankland, Sam"]
[Result "1/2-1/2"]
[WhiteElo "2581"]
[BlackElo "2671"]
[PlyCount "17"]
[EventDate "2024.05.14"]
[EventCountry "UAE"]

{[%evp 0,17,13,-11,-1,4,43,-20,8,0,10,10,10,11,11,-11,-10,-18,160,-1]} 1. c4 Nf6 2. Nc3 g6 3. g3 Bg7 4. Bg2 O-O 5. d4 Nc6 6. Nf3 d5 7. cxd5 Nxd5 8. O-O e5 9. Nxd5 $146 ({RR} 9. Bg5 f6 10. Bc1 Nxc3 11. bxc3 e4 12. Nd2 f5 13. e3 Be6 14. Rb1 Na5 15. Ba3 Rf7 16. Bb4 Nc4 17. Qe2 Nxd2 18. Qxd2 Bc4 19. Rfd1 Qd5 20. Rb2 g5 21. Re1 Re8 22. Qc2 Re6 23. a4 a5 {Rustemov,A (2525)-Volokitin,A (2663) chess.com INT 2024 1-0 (40)}) 1/2-1/2